[Event "Dilijan FIDE GP (Women)"]
[Site "Dilijan"]
[Date "2013.06.24"]
[Round "8"]
[White "Dzagnidze, Nana"]
[Black "Stefanova, Antoaneta"]
[Result "1/2-1/2"]
[WhiteElo "2550"]
[BlackElo "2531"]
[Annotator "CB"]
[PlyCount "87"]
[EventDate "2013.06.16"]
[EventType "tourn"]
[EventRounds "11"]
[EventCountry "ARM"]
[EventCategory "11"]
[SourceTitle "CBM 155"]
[Source "ChessBase"]
[SourceDate "2013.07.16"]
[SourceVersion "1"]
[SourceVersionDate "2013.07.16"]
[SourceQuality "1"]

{Dzagnidze had a promising position against Stefanova. At one point she could
have created serious problems for her opponent.} 1. d4 d5 2. c4 c6 3. Nf3 Nf6
4. Nc3 a6 5. a4 e6 6. Bg5 a5 7. e3 Be7 8. Be2 O-O 9. O-O Na6 10. Qb3 Nb4 11.
Na2 dxc4 12. Bxc4 Nxa2 13. Rxa2 Nd5 14. Bxe7 Nxe7 15. Raa1 Qc7 16. Rac1 Rd8 17.
Ne5 Bd7 18. f4 g6 19. g4 Kg7 20. f5 exf5 21. Bxf7 (21. Nxf7 $1 Rf8 22. e4 $1 {
with the idea of Qe3 and Qh6.}) 21... Rf8 22. g5 {After taking the f7 pawn
with her bishop Dzagnidze has gradually lost the advantage. This was a
difficult game for both players though.} Rad8 23. Rf4 Qd6 24. Rc5 b5 25. Qa2
Rb8 26. Bb3 bxa4 27. Bc4 Rb7 28. Qa3 Be6 29. Qc3 Kg8 30. Nxc6 Nxc6 31. Bxe6+
Qxe6 32. d5 Qe7 33. dxc6 Rxb2 34. Qxb2 Qxc5 35. Qa2+ Rf7 36. Qe6 Qe7 37. Qxe7
Rxe7 38. Rxa4 Rc7 39. Rxa5 Rxc6 40. Kf2 Rc4 41. Ra8+ Kg7 42. Ra7+ Kg8 43. Ra8+
Kg7 44. Ra7+ 1/2-1/2

[Event "USA-ch U20"]
[Site "Saint Louis"]
[Date "2016.07.15"]
[Round "7"]
[White "Xiong, Jeffery"]
[Black "Checa, Nicolas D"]
[Result "1-0"]
[WhiteElo "2641"]
[BlackElo "2380"]
[Annotator "CB"]
[PlyCount "195"]
[EventDate "2016.07.08"]
[EventType "tourn"]
[EventRounds "9"]
[EventCountry "USA"]
[EventCategory "9"]
[SourceTitle "CBM 173 Extra"]
[Source "ChessBase"]
[SourceDate "2016.08.29"]
[SourceVersion "1"]
[SourceVersionDate "2016.08.29"]
[SourceQuality "1"]
[WhiteClock "0:11:07"]
[BlackClock "0:11:51"]

1. d4 d5 2. c4 c6 3. Nf3 Nf6 4. Nc3 a6 5. e3 Bf5 6. Qb3 Ra7 (6... b5 $5 {
Is more active but White has been doing well recently after} 7. c5 a5 8. Ne5)
7. Nh4 Bg6 8. Nxg6 hxg6 9. g3 e6 10. Bg2 Nbd7 11. O-O Be7 12. e4 {Sooner or
later White has to opt for this move, Jeffery decides to play it immediately.}
dxe4 13. Nxe4 Nxe4 14. Bxe4 Nf6 15. Bf3 Qd7 16. Be3 Ra8 17. a4 a5 18. Rfd1 Bb4
19. Rd3 O-O 20. Rad1 Rfd8 {This position is one typical for openings such as
the Slav, Scandinavian and Caro-kann. It is obvious White has an edge, but
Black's position is compact and difficult to attack.} 21. Bf4 Qe7 22. Re3 Qf8
23. Red3 Qe7 24. Bg5 Rd7 25. h4 Rad8 26. Bg4 Qf8 27. Bh3 Be7 28. Be3 Bb4 29.
Qc2 Ne4 30. Qe2 Be7 31. Bf4 Nf6 32. Qf3 Bd6 33. Be3 {Diagram [#] Not much has
happened yet. The Bishop on h3 is well placed but as long as White can not
play d5, Black is doing okay.} Be7 34. Bc1 Rc7 35. Bf4 Bd6 36. Be3 Be7 37. Bf4
Bd6 38. Bg5 Be7 39. Qe2 Rcd7 40. Kh2 Ne8 $5 {Checa decides to switch the
position of his pieces. This is not necessarily a bad idea, but it remains to
be seen how Jeffery was planning to make any progress against the initial
set-up.} 41. Bf4 Bf6 42. Be3 Nd6 43. d5 $1 {White has to play this now, if
Black manages to get the Knight to f5, he is out of trouble.} (43. b3 Nf5 $1
44. Bxf5 gxf5 $11 {Is totally equal.}) 43... Nxc4 44. dxe6 Rxd3 45. Rxd3 Rxd3
46. Qxd3 Nxe3 47. Qxe3 fxe6 48. Bxe6+ Kh7 49. b3 Qd6 {The position is not
fully equal, because Black's g6 pawn is a long term weakness.} 50. Kg2 Qe5 51.
Qxe5 Bxe5 52. Kf3 b5 53. Kg4 bxa4 54. bxa4 Bd4 55. f4 Bf2 56. Bd7 c5 57. Be6
Be1 58. Ba2 {White's winning plan is to pin the g6-pawn and eventually attack
it with h4-h5.} Bf2 59. Kf3 Be1 60. Bc4 Bc3 61. Kg2 Be1 62. Bb3 Bd2 63. Kf2 Bc1
64. Ke2 Kh6 $6 65. Bg8 $3 {This does not actually win the game, but it surely
confused Checa. Black was not forced to go for Kh6 and Checa may have been
tricked into believing he got himself into trouble here.} Kh5 66. Kf3 Bd2 67.
Kg2 Kh6 68. Kf2 Kh5 69. Bf7 Kh6 70. Ke2 Bc1 71. Kf3 Kh5 72. Bc4 Bd2 73. Kg2 Kh6
74. Bg8 Bc1 75. Kh3 Bd2 76. Kg4 Be1 77. Kf3 Bd2 78. Kf2 Bc1 79. Kf1 Bd2 80. Kg2
Bc1 81. Kg1 Be3+ 82. Kh1 Bd2 83. Kh2 Be1 84. Kh3 Bd2 85. g4 $1 {Finally, this
is the only way for White to make any progress, but it is still a draw.} Bxf4
86. g5+ Bxg5 (86... Kh5 87. Be6 {And White is threatening Bg4 mate, forcing
Black to sacrifice the Bishop on g5 anyway.}) 87. hxg5+ Kxg5 88. Kg3 Kf5 89.
Kf3 Ke5 $4 {The fatal error, the King should not be heading for the Queenside.
Instead} (89... g5 $1 90. Ba2 (90. Bd5 $4 Ke5 $1 {Is even winning for Black,
as the King can now get to d4.}) 90... g4+ 91. Ke3 Ke5 {And Black should be
able to draw this, for example} 92. Bc4 g3 93. Bf1 Kd5 94. Kd3 c4+ 95. Kc3 Ke4
96. Bg2+ Ke3 97. Kxc4 Kf2 98. Bd5 g2 99. Bxg2 Kxg2 100. Kb5 g5 101. Kxa5 g4
102. Kb6 Kf2 103. a5 g3 104. a6 g2 105. a7 g1=Q 106. a8=Q {Is an example of
how the game could have ended in a draw.}) 90. Ke3 g5 91. Kd3 g4 92. Kc4 g3 93.
Bd5 $1 {White is just in time and can now cut off the Black King from the
Queenside.} Kd6 94. Bg2 g5 95. Kb5 g4 96. Kc4 Ke5 97. Kxc5 Kf4 98. Kd4 {
Jeffery may have gotten a little lucky near the end to win this game, but
nonetheless he managed to pose serious problems to Nicolas Checa. Noticing the
difference between Ke5 and g5 on move 89, was far from trivial!} 1-0

[Event "POL-ch 68th"]
[Site "Warsaw"]
[Date "2011.02.14"]
[Round "3"]
[White "Macieja, Bartlomiej"]
[Black "Jaracz, Pawel"]
[Result "0-1"]
[WhiteElo "2636"]
[BlackElo "2543"]
[Annotator "CB"]
[PlyCount "70"]
[EventDate "2011.02.12"]
[EventType "swiss"]
[EventRounds "9"]
[EventCountry "POL"]
[SourceTitle "CBM 140 Extra"]
[Source "ChessBase"]
[SourceDate "2011.03.01"]
[SourceVersion "1"]
[SourceVersionDate "2011.03.01"]
[SourceQuality "1"]

1. Nf3 Nf6 2. c4 c6 3. d4 d5 4. Nc3 a6 5. c5 Bf5 6. Bf4 Nbd7 7. e3 g6 8. Qb3
Ra7 9. Ne5 Bg7 10. Be2 O-O 11. O-O Nxe5 12. Bxe5 Nd7 13. Bxg7 Kxg7 14. g4 Be6
15. f4 Nf6 16. h3 h5 17. g5 Nd7 18. h4 b6 19. cxb6 Nxb6 20. Rfc1 Bg4 21. Bf1
Ra8 22. Nd1 Rb8 23. Nf2 Nc4 24. Qc3 Nd6 25. Bd3 Rb6 26. Qa5 Qb8 27. b3 Bf5 28.
Be2 Ne4 29. Nxe4 Bxe4 30. Rc5 f6 31. Rac1 fxg5 32. hxg5 {#Up until now, White
was trying to pressure on the queenside and to cramp Black's position on the
kingside. The latter has been made at a high cost, which is revealed by the
enterprising rook sacrifice.} Rxf4 $1 33. exf4 {Forced. Those who like to see
mating patterns based on a queen and a bishop co-operation can follow the line}
(33. Qxb6 $2 Rg4+ (33... Qxb6 {is also possible, but less efficient.}) 34. Bxg4
Qg3+ 35. Kf1 Bd3+ 36. Be2 Qf3+ 37. Kg1 Qxe3+ 38. Kg2 Qxe2+ 39. Kg1 Qg4+ 40. Kf2
Qf4+ 41. Kg2 Be4+ 42. Kg1 Qg3+ 43. Kf1 Bd3#) 33... Qxf4 {What to do now? 34.
Qxb6 loses on the spot after 34...Qg3+ 35.Kf1 Bg2+ 36.Kg1 Bf3+ 37.Kf1 Qg2+ 38.
Ke1 Qxe2 mate.} 34. Qe1 ({The queen is brought back to defend the king and
Black has to do something about the 35.Qf2 threat. Another reasonable option
was} 34. R5c3 {when} Qxg5+ 35. Kf1 Rb8 {led to a very sharp and unclear
position. It seems that White would be more likely to go wrong than Black.})
34... Qxg5+ {#The time for a terrible blunder has come.} ({Black could also go
} 34... Rb8 $5 {with a pretty unclear position, just like the one mentioned in
the previous comment.} 35. R5c3 h4 36. Qf2 Qxg5+ 37. Kh2 Rf8 38. Qg1 Qf4+ 39.
Kh3) 35. Kh2 $4 ({Obviously, White should have played} 35. Kf2 {that could
lead to a draw by a perpetual after} Qg2+ 36. Ke3 Qg5+ 37. Kf2 Qg2+ {etc.
However, Black could keep the tension with 35...Rb8!?}) 35... Qg2# {This mate
marked an important step in the winner's way to the second prize.} 0-1

[Event "Moscow Petrosian Memorial"]
[Site "Moscow"]
[Date "2014.11.09"]
[Round "5"]
[White "Gelfand, Boris"]
[Black "Morozevich, Alexander"]
[Result "1-0"]
[WhiteElo "2759"]
[BlackElo "2724"]
[Annotator "CB"]
[PlyCount "81"]
[EventDate "2014.11.04"]
[EventType "tourn"]
[EventRounds "7"]
[EventCountry "RUS"]
[EventCategory "20"]
[SourceTitle "CBM 164"]
[Source "ChessBase"]
[SourceDate "2015.01.15"]
[SourceVersion "1"]
[SourceVersionDate "2015.01.15"]
[SourceQuality "1"]

1. d4 Nf6 2. Nf3 d5 3. c4 c6 4. e3 a6 5. Nc3 b5 6. c5 g6 7. Ne5 Nfd7 {rare but
logical. Usually Black develops the bishop first.} 8. Nd3 e5 9. a4 Bb7 10. axb5
axb5 11. Rxa8 Bxa8 12. b4 e4 $2 {I dont' think locking the center ri ght away
brings any benefit to Black.} 13. Nf4 Be7 {Alreayd it was hard to avoid White
sacrificing on d5.} (13... Bg7 14. Nfxd5 cxd5 15. Bxb5 O-O 16. O-O $14) (13...
Nf6 {was probably objectively better.}) 14. Nfxd5 cxd5 15. Bxb5 O-O 16. O-O Nf6
17. Be2 Bb7 18. b5 Bc8 19. Qa4 {Black has no plan, White has two passed pawsn.
That's worth the piece easily.} h5 20. Bd2 Be6 21. Qa7 Nbd7 22. Rc1 Ng4 23. Nd1
Kg7 24. Ra1 Bh4 25. c6 (25. h3 {there was no reason not to kick out the knight
first.}) 25... Nb6 26. c7 $2 Qf6 (26... Qd6 $1 {Morozevich misses his only
chance to equalize.} 27. Bxg4 Ra8 $1 {The players must have missed this
resource.} 28. Qxa8 (28. Bxe6 Rxa7 29. Rxa7 Qxe6 30. Ba5 Nc8 31. Ra8 Be7 $1 32.
b6 Qc6 $1 33. Rxc8 Qc1 $1 {and magically Black doesn't have enough to repel
Black's threats. This is why Be7 is important, to have Bd6+ after h3.}) 28...
Nxa8 29. c8=Q Bxc8 30. Bxc8 $11) 27. Be1 {playing it a little too safe.} Bc8 $2
(27... Ra8 $1) 28. h3 Nh6 29. Bb4 Rh8 30. Rc1 Nc4 31. Bxc4 dxc4 32. d5 {
Now the pawns just roll forward.} Qg5 33. Qd4+ Kh7 34. Qxe4 Bb7 35. Nc3 Nf5 36.
Qe5 Ra8 37. Ne4 Qh6 38. Rxc4 Nxe3 39. fxe3 Bxd5 40. c8=Q Rxc8 41. Rxc8 1-0

[Event "Sinquefield Cup 2nd"]
[Site "Saint Louis"]
[Date "2014.08.28"]
[Round "2"]
[White "Aronian, Levon"]
[Black "Topalov, Veselin"]
[Result "1-0"]
[WhiteElo "2805"]
[BlackElo "2772"]
[Annotator "CB"]
[PlyCount "57"]
[EventDate "2014.08.27"]
[EventType "tourn"]
[EventRounds "10"]
[EventCountry "USA"]
[EventCategory "23"]
[SourceTitle "CBM 162"]
[Source "ChessBase"]
[SourceDate "2014.09.17"]
[SourceVersion "1"]
[SourceVersionDate "2014.09.17"]
[SourceQuality "1"]

1. d4 d5 2. c4 c6 3. Nf3 Nf6 4. Nc3 a6 {The Chebanenko Slav has a reputation
of being a solid and dependable defense against 1.d4.} 5. e3 b5 6. c5 g6 7. Bd2
{A new approach, but one that makes sense. White tries to develop the
queenside and pressure with the pawns before finishing development on the
kingside.} Bg7 8. b4 a5 $5 {Topalov adds his own dynamic twist to the opening.
Black plays aggressively, vying for the advantage himself.} (8... Bg4 9. h3
Bxf3 10. gxf3 Nbd7 11. f4 {is an old game that Aronian lost against Bu
Xiangzhi in 2004; the Armenian player has improved quite a bit since then,
though!}) 9. bxa5 Ne4 10. Nxe4 dxe4 11. Ng5 {It is unclear if Aronian saw the
exchange sacrifice from here.} (11. Ne5 Bxe5 12. dxe5 Na6 {is unclear.}) 11...
Qd5 12. f4 (12. h4 e5 {cannot be to anyone's liking.}) 12... h6 13. Nh3 Bxh3
14. gxh3 Bxd4 {This is the point of Black's play.} 15. exd4 e3 16. Bxe3 {
Virtually forced, but White took his sweet time thinking about going into this
line.} (16. Rg1 Qxd4 {is completely lost for White as the bishop on d2 is
trapped.}) 16... Qxh1 17. Qd2 {White is down an exchange, but he has a few
things to show for it. For one the pair of bishops is quite strong, for
another Black's king will not easily find a haven. That being said, White's
pawn structure is so bad that if Topalov can reach any endgame it must be
nearly winning for him. The issue is if he can reach it.} Na6 18. O-O-O Qd5 19.
Bg2 Qc4+ 20. Kb1 Qe6 $2 {Aronian remarked that Topalov is a very passionate
player, a passion that fuels his attacks. However in the defensive side it
seems that Topalov is not so strong. A half-joke in the commentary room was
that Topalov was amazing down the exchange for compensation, but vice versa
was not so good.} (20... Qb4+ 21. Ka1 Kd7 $1 {Is still anyone's game.}) 21. d5
{Simple. The pawn crashes through and Black has trouble resisting the advances.
} Qf5+ 22. Kb2 O-O-O $2 {A move only Topalov can play.} (22... O-O 23. dxc6 Nc7
{and it is not so easy to make progress for White; mainly due to his terrible
pawn structure and his somewhat exposed king.}) 23. d6 exd6 $2 {Black is
basically lost after this move, but already the situation was not easy.} 24.
cxd6 Qf6+ 25. Kb1 Qf5+ 26. Kc1 Qf6 27. d7+ $1 {Of course. Now Bd4 will be
playable and devastating.} Kb7 28. Bd4 Qe6 29. Bxh8 {It's hard to say exactly
how Topalov went down in flames so quickly, but he will definitely need to
step up his game to catch up in the tournament.} (29. Bxh8 Rxh8 30. d8=Q Rxd8
31. Qxd8 Qc4+ 32. Kd2 Qxf4+ 33. Ke2 {and Black runs out of checks sooner
rather than later.}) 1-0

[Event "Reykjavik op"]
[Site "Reykjavik"]
[Date "2013.02.23"]
[Round "6"]
[White "Cheparinov, Ivan"]
[Black "Eljanov, Pavel"]
[Result "0-1"]
[WhiteElo "2709"]
[BlackElo "2678"]
[Annotator "CB"]
[PlyCount "62"]
[EventDate "2013.02.19"]
[EventType "swiss"]
[EventRounds "10"]
[EventCountry "ISL"]
[SourceTitle "CBM 153 Extra"]
[Source "ChessBase"]
[SourceDate "2013.04.22"]
[SourceVersion "1"]
[SourceVersionDate "2013.04.22"]
[SourceQuality "1"]

1. d4 d5 2. c4 c6 3. Nf3 Nf6 4. Nc3 a6 5. a4 e6 6. g3 dxc4 7. Bg2 c5 8. O-O
cxd4 9. Nxd4 Be7 10. a5 O-O 11. Nc2 Qc7 12. Be3 Bd7 13. Bb6 Qc8 14. Ne3 Bb5 15.
Rc1 Nfd7 16. Na4 Bg5 17. f4 Nxb6 18. Nxb6 Qc5 19. Rf3 Bf6 20. Nxa8 Rd8 21. Qe1
Nc6 22. Nb6 Bd4 23. Kf2 e5 24. b4 Nxb4 25. fxe5 Nc6 26. Qd2 $2 {This move lost
the game for the Bulgarian GM.} ({After} 26. Nbxc4 Bxc4 {White has an
unpleasant position, but he is not necessarily lost.}) 26... c3 $1 27. Qc2 Nxe5
28. Qf5 g6 29. Qf4 Re8 30. Nbd5 Qxd5 31. Kf1 Nxf3 0-1

[Event "Tata Steel-A 74th"]
[Site "Wijk aan Zee"]
[Date "2012.01.27"]
[Round "11"]
[White "Caruana, Fabiano"]
[Black "Giri, Anish"]
[Result "1-0"]
[WhiteElo "2736"]
[BlackElo "2714"]
[Annotator "Caruana,F"]
[PlyCount "81"]
[EventDate "2012.01.14"]
[EventType "tourn"]
[EventRounds "13"]
[EventCountry "NED"]
[EventCategory "21"]
[SourceTitle "CBM 147"]
[Source "ChessBase"]
[SourceDate "2012.03.16"]
[SourceVersion "1"]
[SourceVersionDate "2012.03.16"]
[SourceQuality "1"]

{This game was played in the 11th round. Following a win against Veselin
Topalov, I was highly motivated to increase my score. I also wanted to avenge
my loss against Giri, just a few weeks before, at Reggio Emilia.} 1. d4 d5 2.
c4 c6 3. Nf3 Nf6 4. e3 a6 5. Nc3 b5 6. c5 g6 7. Ne5 Bg7 8. f4 {To be honest, I
couldn't remember much about this variation during the game, but I decided it
was important to meet ...Nfd7 with Nd3, without having to worry about ...e5.} (
{After} 8. Be2 {I vaguely remembered once looking at the following variation:}
Nfd7 9. f4 Nxe5 10. fxe5 O-O 11. O-O f6 12. exf6 exf6 13. e4 b4 14. Nxd5 cxd5
15. exd5 {, which looks tempting for White, but I decided to be more
conservative.}) 8... a5 9. Be2 (9. Bd3 {runs into} Bf5 10. Bxf5 gxf5 {, and
the bishop on c1 isn't happy.}) 9... Qc7 10. O-O h5 $1 {A novelty, and a good
one! Actually the idea is very simple: Black wants to play ...Bf5 without
running into g4, so it's a bit strange nobody played like this before.} ({
My main source of inspiration in this line was the following game:} 10... O-O
11. a3 Be6 12. Bf3 Nbd7 13. Nd3 $1 {, and Black is really cramped and will
have to defend a miserable position for a long time. White eventually won in
Gelfand-Wang Yue, Bazna 2010.}) 11. h3 Bf5 12. Bd2 (12. g4 hxg4 13. hxg4 Be6 {
gives White nothing but weaknesses.}) 12... Nbd7 {Black has achieved an ideal
setup. His bishop is securely placed on f5, he has perfect control over the
e4-square, and is ready to trade off the e5-knight.} 13. Bf3 {This was the
only move to keep any tension in the position. Surprisingly, Anish started to
look a bit uncomfortable after this move, although his position is still
perfectly fine.} (13. Be1 Ne4 14. Nxe4 Bxe4 {leads to a dull equality.}) 13...
h4 {An unnecessary move. White has no plans to play g4, so there isn't any
reason to fix the kingside.} ({It was most accurate to begin with} 13... Ne4
14. Nxe4 dxe4 15. Be2 f6 $1 {With the queen on d1, White has no tactics like
Bxa5.} 16. Nxd7 Bxd7 17. a4 b4 18. Bc4 e6 19. Qb3 Ke7 {, and next ...f5 leads
to complete equality.}) 14. Qe1 {White is threatening e4, so Black's hand is
forced.} Ne4 15. Nxe4 dxe4 16. Be2 f6 $2 {Surprisingly, this is a blunder,
although the computer won't tell you why. Black's position was still pretty
decent, but after this careless move he is on the verge of losing.} ({After} 
16... Nxe5 {I had planned} 17. dxe5 $5 (17. fxe5 f6 18. exf6 Bxf6 {gives White
nothing.}) 17... f6 18. exf6 Bxf6 19. Bc3 {, with some pressure but nothing
too dramatic. Black should hold without much problem.}) 17. Bxa5 $1 {A
tremendous and unexpected blow, which was certainly overlooked by Anish. For
the piece, White eliminates Black's entire queenside, and he will be
hard-pressed to stop the avalance of pawns.} Rxa5 $2 {It's natural to seek
chances with the queens on, but this is probably already the decisive mistake.}
({There was still a miracle chance for Black:} 17... Qxa5 18. Qxa5 Rxa5 19.
Nxc6 Ra8 20. Bxb5 {, and here Black has to act fast before he is overrun:} e5
$1 {, opening up the center and starting some effective counterplay.} ({
On the other hand, a slow continuation like} 20... Be6 21. a4 f5 22. a5 Kf7 23.
a6 {obviously favors White.}) 21. b4 (21. a4 exf4 22. exf4 Be6 {, and after ...
f5 Black will have his share of the chances.}) (21. fxe5 fxe5 22. Rad1 exd4 23.
Nxd4 Bxd4 24. Rxd4 Ra7 25. b4 Ke7 26. a4 Ne5 {is also unclear, since White's
pawns are too vulnerable to advance.}) 21... exf4 22. exf4 Be6 23. d5 $1 {
White also has to act quickly, before Black consolidates his position with ...
Bd5 and ...f5. After this the game spins out of control, with both sides
having numerous options and no clear conclusion in sight. A possible
continuation out of many:} Bxd5 24. Rfd1 f5 25. Rac1 Be6 26. Rd6 Nf8 27. Rcd1
Bd7 28. a4 {, and White's initiative persists.}) 18. Nxc6 Ra8 ({The point of
White's combination is this:} 18... Ra6 19. Nb4 Ra5 (19... Ra8 20. Bxb5 Kf7 21.
a4 {is similar to the game. Black has no counterplay and White can just keep
rolling his pawns down the board.}) 20. Nd5 Qa7 21. a4 $1 Rxa4 (21... bxa4 22.
b4 {wins the rook.}) 22. Bxb5 Rxa1 23. Qxa1 Qxa1 24. Rxa1 Kf7 25. Ra7 Rd8 26.
b4 {, and Black is helpless.}) 19. Bxb5 {Black's position is depressing to
look at. He can't make a dent in White's pawn mass, and his extra bishop is
trapped behind his own pawns.} Be6 20. a4 f5 21. Qd2 ({The simple} 21. Ne5 Bxe5
22. fxe5 Kf7 23. b4 Bd5 24. Be2 {also promised a winning advantage.}) 21... Bf6
22. d5 {Now White begins taking even more space.} Bf7 23. Rac1 Kf8 (23... O-O
24. d6 exd6 25. cxd6 {, wins a piece with Ne7 coming next.}) 24. b4 Qc8 25. d6
{Now is a perfect time to open the position, since Black is completely
uncoordinated.} exd6 26. cxd6 Qe8 27. Ne7 Be6 28. Rc7 Rh7 29. Nd5 ({I missed
an even simpler way:} 29. Bxd7 Bxd7 30. Rxd7 Qxd7 31. Qd5 {, winning the rook
on a8 due to the mate threat Qg8.}) 29... Bd8 30. Rb7 Rc8 31. a5 {The sadistic
approach, slowly advancing the a-pawn while Black can't even move.} Kg7 32. a6
Kh6 33. a7 Qf8 34. Ne7 Nb6 35. Qf2 Rf7 ({After} 35... Qf6 {I had planned the
attractive finishing blow} 36. Bd7 $1 {, and I'm glad to see the machine
approves.}) 36. Qxh4+ Kg7 37. Qg5 {White is winning every Black pawn. Black
could have safely resigned here, but Anish decided to play on until the time
control.} Bd5 38. Qxg6+ Kh8 39. Qh5+ Kg7 40. Nxf5+ Kg8 41. Ne7+ 1-0